| 000 | 00559nam a22001697a 4500 | ||
|---|---|---|---|
| 005 | 20251108175249.0 | ||
| 008 | 250721s2001 xx 000 0 ara d | ||
| 082 | 1 | 4 | _a302.2/سنو |
| 100 | 1 | _aسنو، مي العبدالله | |
| 245 | 1 | 0 | _aالإتصال في عصر العولمة الدور والتحديات الجديدة / |
| 264 | 1 |
_aبيروت : _bدار النهضة العربية، _c2001. |
|
| 300 | _a287ص. | ||
| 650 | 1 | 7 | _aوسائل الاتصال الجماهيري |
| 653 | _aالعولمة | ||
| 942 |
_2ddc _cBK |
||
| 999 |
_c130027 _d130027 |
||